000 00529nam a2200169Ia 4500
008 090711s9999 xx 000 0 und d
082 _b66640
100 _aपरदेशी दिलीप
245 _aकाळोख देत हुंकार
260 _c1985
300 _a60
600 _aपरदेशी दिलीप
630 _aकाळोख देत हुंकार
700 _aपरदेशी दिलीप
730 _aकाळोख देत हुंकार
942 _cBOOK
999 _c305683
_d305683